| 000 | 00542cab a2200229 4500 | ||
|---|---|---|---|
| 001 | X1108 | ||
| 008 | 090401t1993 xxu||||| |||| 00| 0 eng d | ||
| 035 | _a(Sirsi) u14729 | ||
| 041 | _aeng | ||
| 245 | _aCouncil tax confusion | ||
| 260 | _c1993 | ||
| 350 | _a0 | ||
| 490 |
_aCS Monthly : Rural Practice _v3(2) October 1993, 2(1) |
||
| 650 | _aCOUNCIL TAX | ||
| 650 | _aDSS | ||
| 650 | _aINCOME TAX | ||
| 650 | _aNATIONAL INSURANCE | ||
| 650 | _aTIED HOUSING | ||
| 690 | _aRATING AND VALUATION | ||
| 942 | _n0 | ||
| 948 | _c04/03/1997 | ||
| 999 |
_c9610 _d9610 |
||